000 00418nam a22001337a 4500
020 _a9789695571231
082 _a346.02 NAY
100 _aNyazee, Imran Ahsan Khan
245 _aLaw of Contract:
_b(Law of Contract & Sales of Goods) /
_cImran Ahsan Khan Nyazee
260 _aLahore :
_bFederal Law House,
_c2018.
300 _a452 p. ;
_c24 cm.
942 _2ddc
_cBK
999 _c585983
_d585983